000 01626cam a22004694i 4500
003 PE-LiUPU
005 20250731173457.0
008 150616s r 000 0 d
020 _a0334024560
035 _a(Sirsi) i9780334024569
040 _aPE-LiUPU
_bspa
_cPE-LiUPU
_erda
049 _aPRUA
082 0 4 _a296.09
_bN47
_221
100 1 _aNeusner, Jacob,
_d1932-,
_eautor.
245 1 0 _aTorah Through The Ages :
_bA short history of Judaism.
264 1 _aLondres :
_bSCM Press,
_c1990.
300 _a177 páginas ;
_c24 centímetros
336 _atext
_2rdacontent
337 _aunmediated
_2rdamedia
338 _avolume
_2rdacarrier
505 0 _aTorah through the ages -- The Hebrew scriptures in the dual Torah: Midrash -- The dual Torah in its Unitary Statement: The Bavli -- The symbol of Torah Torah.
526 _aSEG42
526 _aSEG41
526 _aSEG40
526 _aSEG39
526 _aP94
526 _aP87
526 _aP86
526 _aP85
526 _aP77
526 _aP76
526 _aP35
650 0 4 _aJudaísmo
_xHistoria.
650 0 4 _aLiteratura rabínica
_xHistoria y crítica.
910 _ajck
_bjvq
_cjck
942 _2ddc
_cBOOK
949 _a296.09 N47
_wDEWEY
_c1
_i40151
_lCCODEBUL1
_mBUL
_r0
_sY
_tBOOK
_u2015-6-16
_xTEOLOGIA
_zUNKNOWN
_0COMPRA
_o.STAFF. Colección General
994 _aC0
_bPEPRU
596 _a1
999 _a296.09 N47
_wDEWEY
_c57942
_i40151
_d57942
_f2022-4-21
_g5
_lCCODEBUL1
_mBUL
_q1
_r1
_sY
_tBOOK
_u2015-6-16
_xUNKNOWN
_zUNKNOWN
_0COMPRA
_o.STAFF. Colección General
980 _81
_gALBERTO SANCHEZ Responsable de Automatización